000 00355nam a22001577a 4500
003 SGT
020 _a9789350289969
082 _a342,TAK
100 _aTAKWANI,C.K.
245 _aLECTURES ADMINISTRATIVE LAW
250 _a5TH
260 _aNEW DELHI
_bEASTERN BOOK COMPANY
_c2014
300 _a543
650 _a ADMINISTRATIVE LAW
942 _2ddc
_cBK
999 _c10934
_d10934